Basic numerical mathematics / (Record no. 181645)

000 -LEADER
fixed length control field 00884 a2200229 4500
003 - CONTROL NUMBER IDENTIFIER
control field Nust
005 - DATE AND TIME OF LATEST TRANSACTION
control field 20230223180202.0
010 ## - LIBRARY OF CONGRESS CONTROL NUMBER
LC control number 78312462
020 ## - INTERNATIONAL STANDARD BOOK NUMBER
International Standard Book Number 3764307293 (v. 1)
020 ## - INTERNATIONAL STANDARD BOOK NUMBER
International Standard Book Number 3764308117 (v. 2)
040 ## - CATALOGING SOURCE
Transcribing agency Nust
082 00 - DEWEY DECIMAL CLASSIFICATION NUMBER
Classification number 510.28542,MAS
100 1# - MAIN ENTRY--PERSONAL NAME
Personal name Mason JC
9 (RLIN) 109538
245 10 - TITLE STATEMENT
Title Basic numerical mathematics /
Statement of responsibility, etc. by J. C Mason
260 ## - PUBLICATION, DISTRIBUTION, ETC.
Place of publication, distribution, etc. : England
Name of publisher, distributor, etc. ButterWorthys
Date of publication, distribution, etc. 1977-1979.
300 ## - PHYSICAL DESCRIPTION
Extent 143 P. :
Other physical details ill. ;
Dimensions 25 cm.
440 #0 - SERIES STATEMENT/ADDED ENTRY--TITLE
Title International series of numerical mathematics ;
Volume/sequential designation v. 14, 22
9 (RLIN) 109539
505 ## - FORMATTED CONTENTS NOTE
Formatted contents note Introduction to Basic (Page-1),Introduction to Numerical Mathematics (Page-14),Elementary Mathematic Calculation (Page-37),Nonlinear Algebra Equations (Page-60),Interpolation, Differentiation and Integration (Page-94).
650 #0 - SUBJECT ADDED ENTRY--TOPICAL TERM
Topical term or geographic name entry element Numerical analysis
General subdivision Data processing.
9 (RLIN) 72
650 #0 - SUBJECT ADDED ENTRY--TOPICAL TERM
Topical term or geographic name entry element Numerical analysis.
9 (RLIN) 103
942 ## - ADDED ENTRY ELEMENTS (KOHA)
Source of classification or shelving scheme
Koha item type Book
Holdings
Withdrawn status Lost status Source of classification or shelving scheme Damaged status Not for loan Permanent Location Current Location Shelving location Date acquired Full call number Barcode Date last seen Price effective from Koha item type Public note
          Military College of Signals (MCS) Military College of Signals (MCS) General Stacks 12/12/2016 510.28542,MAS MCS5086 12/08/2016 12/12/2016 Book Almirah No.71, Shelf No.2
© 2023 Central Library, National University of Sciences and Technology. All Rights Reserved.